වහා ක්‍රියාත්මක වන්න = தற்பொமுதே செயற்படமும் = Act now (Record no. 4489)

MARC details
000 -LEADER
fixed length control field 00669nam a2200169 4500
003 - CONTROL NUMBER IDENTIFIER
control field LK-CoMWRAF
005 - DATE AND TIME OF LATEST TRANSACTION
control field 20240126102300.0
008 - FIXED-LENGTH DATA ELEMENTS--GENERAL INFORMATION
fixed length control field 231215b |||||||| |||| 00| 0 eng d
020 ## - INTERNATIONAL STANDARD BOOK NUMBER
International Standard Book Number 9789558610381
040 ## - CATALOGING SOURCE
Original cataloging agency LK-CoMWRAF
Modifying agency LK-CoMWRAF
Description conventions LK-CoMWRAF
041 ## - LANGUAGE CODE
Language code of text/sound track or separate title Sinhala; Sinhalese
-- Tamil
-- English
082 ## - DEWEY DECIMAL CLASSIFICATION NUMBER
Classification number 362.82
Item number WAH
942 ## - ADDED ENTRY ELEMENTS (KOHA)
Koha item type Books
245 ## - TITLE STATEMENT
Title වහා ක්‍රියාත්මක වන්න = தற்பொமுதே செயற்படமும் = Act now
Remainder of title Waha kriyathmaka wanna = Taṟpōtaiya āk‌ṣaṉ paṭam
260 ## - PUBLICATION, DISTRIBUTION, ETC. (IMPRINT)
Place of publication, distribution, etc. කොළඹ :
Name of publisher, distributor, etc. කාන්තා පර් යේෂණ කේන්ද්‍ර‍ය,
300 ## - PHYSICAL DESCRIPTION
Accompanying material Accompanying 2 CD's
Holdings
Withdrawn status Lost status Damaged status Not for loan Permanent Location Current Location Date acquired Full call number Barcode Koha item type
        Resource center, Muslim Women's Research And Action Forum Resource center, Muslim Women's Research And Action Forum 2023-12-15 362.82 WAH RAF4879 Books
        Resource center, Muslim Women's Research And Action Forum Resource center, Muslim Women's Research And Action Forum 2023-12-15 362.82 WAH RAF4880 Books
        Resource center, Muslim Women's Research And Action Forum Resource center, Muslim Women's Research And Action Forum 2023-12-15 362.82 WAH RAF4881 Books

Copyright © 2023 Muslim Women's Research and Action Forum (MWRAF), No 27/3, Anderson Road, Kalubowila, Dehiwela. Funded by The Asia Fundation